| 000 | 00848cam a2200265 i 4500 | ||
|---|---|---|---|
| 999 |
_c5880 _d5880 |
||
| 001 | 6423378 | ||
| 003 | OSt | ||
| 005 | 20190110151826.0 | ||
| 008 | 800530s1980 mnu b 000 0 eng | ||
| 010 | _a80017856 //r88 | ||
| 020 |
_a0871234688 : _c3.95 |
||
| 040 |
_aDLC _cDLC _dm.c. _dOBE |
||
| 050 | 1 |
_aBV213 _b.F56 1980 |
|
| 082 |
_a248.3 _bF514P |
||
| 099 | _aBV213.F56 1980 | ||
| 100 | 1 |
_aFinney, Charles G., _d1792-1875 |
|
| 245 | 1 | 0 |
_aPrinciples of prayer / _cCharles G. Finney ; compiled & edited by Louis Gifford Parkhurst, Jr |
| 260 |
_aMinneapolis, Minn. : _bBethany House, _cc1980 |
||
| 300 |
_a112 p. ; _c21 cm |
||
| 504 | _aBibliography: p. 112 | ||
| 650 | 0 |
_aPrayer _xChristianity _xMeditations |
|
| 690 |
_aOberlin College author _xAdministration _xFinney, Charles G |
||
| 700 | 1 |
_aParkhurst, Louis Gifford, _d1946- |
|
| 942 |
_2ddc _cBK |
||